logo

Bir Sreshtho Munshi Abdur Rouf Library
Jhenaidah Cadet College

সায়েন্স ফিকশন: (Record no. 11887)

MARC details
000 -LEADER
fixed length control field 00729nam a2200229 a 4500
001 - CONTROL NUMBER
JCCL Control Number 11887
003 - CONTROL NUMBER IDENTIFIER
JCCL marc code BD-JhCC
005 - DATE AND TIME OF LATEST TRANSACTION
control field 20201124083242.0
008 - FIXED-LENGTH DATA ELEMENTS--GENERAL INFORMATION
fixed length control field 201124b2017 bg a|||| ||a| 000 0 ben d
020 ## - INTERNATIONAL STANDARD BOOK NUMBER
International Standard Book Number 9789844844116
035 ## - SYSTEM CONTROL NUMBER
system control number (BD-JhCC)11887
040 ## - CATALOGING SOURCE
Original cataloging agency BD-JhCC
Modifying agency BD-JhCC
041 ## - LANGUAGE CODE
Language code of Book ben
082 ## - DEWEY DECIMAL CLASSIFICATION NUMBER
Classification number 809.38762
Author mark and Year SUM 2017
100 ## - MAIN ENTRY--PERSONAL NAME
Personal name সুমন, সহস্র
245 ## - TITLE STATEMENT
Title সায়েন্স ফিকশন:
Remainder of title ইউনিভার্সিটি অব ইউরেনাস /
Statement of responsibility, etc সহস্র সুমন।
260 ## - PUBLICATION, DISTRIBUTION, ETC. (IMPRINT)
Place of publication, distribution, etc ঢাকা:
Name of publisher, distributor, etc শিখা প্রকাশনী;
Date of publication, distribution, etc ২০১৭.
300 ## - PHYSICAL DESCRIPTION
Pagination 119 p. :
Dimensions 22 cm.
650 ## - SUBJECT ADDED ENTRY--TOPICAL TERM
Topical term or geographic name as entry element Science fiction
942 ## - ADDED ENTRY ELEMENTS (KOHA)
Source of classification or shelving scheme Dewey Decimal Classification
Koha item type Books
Holdings
Source of classification or shelving scheme Damaged status Not for loan Home library Current library Shelving location Date of accession Source of acquisition Cost, normal purchase price Total Checkouts Full call number Barcode Date last seen Date checked out Copy number Koha item type
Dewey Decimal Classification     JCC Rouf Library JCC Rouf Library General Stacks 11/24/2020 Lt. Gen. Mahfuzur Rahman (10th intake) 169.00 1 809.38762 SUM 2017 16243 05/09/2024 04/25/2024 C-1 Books

JCC Library | Contacts | JCC Home

Last Update on 23 September 2017
Copyright @ 2017-2020 JCC Rouf Library
Rouf Library, Jhenidah Cadet College (JCC), Bangladesh